| 000 | 00450nam a2200169Ia 4500 | ||
|---|---|---|---|
| 003 | GCL | ||
| 008 | 140319s9999 xx 000 0 eng d | ||
| 040 |
_aGCL / _cGCL |
||
| 082 | 0 | 4 |
_aCC _b932 _bK s |
| 100 | 1 | _aKAMIL, JILL | |
| 245 | 1 | 0 |
_aSAINT CATHERINE IN SINAI / _cKAMIL, JILL |
| 260 |
_a[S.N] : _bTHE AMERICAN UNIVERSITY IN CAIRO PRESS ، _c1994 |
||
| 300 | _a98P. | ||
| 650 | 0 | 4 | _aSINAI |
| 650 | 0 | 4 | _aSAINT CATHERINE - HISTORY |
| 942 |
_2ddc _cBK |
||
| 999 |
_c11415 _d11415 |
||